1907 1611 1785 1326 1846 1813 1136 1285 1420 1186 1387 1628 1519 1331 1119 1883 1666 1513 1446 1656 1807 1798 1932 1769 1938 1032 1696 1926 1097 1761 1006 1242 1137 1123 1595 1876 1247 1345 1756 1531 1070 1019 1223 1980 1200 1537 1384 1881 1535 1105 1783 1532 1655 1209 1992 1104 1303 1828 1068 1847 1548 1477 1162 1454 1361 1829 1541 1174 1238 1606 1123 1292 1834 1953 1927 1171 1181 1406 1004 1042 1420 1511 1231 1156 1068 1700 1472 1619 1112 1207 1369 1514 1026 1895 1781 1398 1808 1161 1594 BCNSPRNW ULIB Ver.6.0+V

เปลี่ยนเป็นภาษาไทย

Change to English
 แสดงรายละเอียดบรรณานุกรม
  กลับหน้าหลัก

Brief Record : Get Marc (ISO 2709) : E-mail record : QR code < ปิดหน้าต่าง
LEADER : 00000nam 2200000uu 4500
001    13399127127
003     ULIB
008    020711s2020 th a 000 0 eng d
020    ^a9781118862681
060    ^aWB39^bJ59M
100    ^aJevon, Philip and Odogwu, Steve
245    ^aMedical Student Survival Skills: History Taking and Communication Skills
250    ^a1st ed
260    ^aHoboken, NJ :^bWiley Blackwell,^c2020
300    ^a258 pages;^b21 cm
650    ^aMedical History Taking-methods
650    ^aProfessional-Patient Relations
945    ^p1060^l0^i006317
999    ^aประนอม เกษจรัล
รายการนี้ยังไม่มีแท็ก
คุณยังไม่ได้ล็อกอิน คุณสามารถมีกิจกรรมร่วมกับเว็บไซต์ได้ แต่ต้องล็อกอินก่อน ::
  ล็อกอิน

รายการสื่อสารสนเทศ

ลำดับที่ ประเภท เลขเรียก/บาร์โค้ด สถานที่ สถานะ
1. วิทยาศาสตร์การแพทย์ และสุขภาพ
วิทยาศาสตร์การแพทย์ และสุขภาพ
WB39 J59M ฉ.1 
  Barcode: 006317
ห้องสมุดวิทยาเขตสวรรค์ประชารักษ์
►หนังสือทั่วไป
บนชั้น

รายการใกล้เคียง
    หัวเรื่อง [Medical History Taking-methods]
    หัวเรื่อง [Professional-Patient Relations]

BibComment


ยังไม่เคยถูกคอมเมนท์

คอมเมนท์ทรัพยากรรายการนี้
  คอมเมนท์: Medical Student ..


 Copyright 2026. Bcnsprnw @Library